000 01646nam a2200277Ia 4500
999 _c44970
_d44970
001 11791
003 GE_BSU
005 20240621103835.0
008 181216s2014||||ge |||||||||||||| ||geo||
020 _a9789941216503
040 _cGE_BSU
041 _ageo
080 _a27-36 წ–714
245 _aწმინდა გაბრიელ მცირე და მისი "მინანაი" /
_cშემდგ. კახაბერ კენკიშვილი ; პროექტის რედ. თამარ მამაცაშვილი.
264 _aთბილისი :
_bპალიტრა L,
_c2014.
300 _a196 გვ. ;
_c20 სმ.
490 _aსაქართველოს იმედი : ყველა წმინდანი, რომელთა შესახებაც უნდა იცოდე, 2298-0547 / პროექტის რედ. თამარ მამაცაშვილი ;
_vწ. 49
500 _aიბეჭდება სრ. საქ. კათოლიკოს-პატრიარქის ილია II-ის ლოცვა-კურთხევით
541 _h3ლ.
653 _aწმინდა გაბრიელ მცირე და მისი "მინანაი"
653 _aწმინდა გაბრიელ მცირე
653 _aქართველი წმინდანები
653 _aსადიდებელი ლოცვები
700 _aკენკიშვილი, კახაბერ
_eშემდგენელი
_922528
942 _cBK
_2udc